| 000 | 00889nam a22003017a 4500 | ||
|---|---|---|---|
| 001 | BR2016004522 | ||
| 003 | BR-BrBNA | ||
| 005 | 20230928105007.0 | ||
| 007 | ta | ||
| 008 | 230509b bl.||||| |||| 00| 0 por d | ||
| 040 |
_aBR-BrBNA _bpor _cBiblioteca Nacional de Agricultura |
||
| 041 | _a(Por) | ||
| 072 | _aE14 | ||
| 090 | _ E14 BR2016004522 | ||
| 110 | 1 |
_aGoverno do Estado do Pará, Belém, PA (Brasil) _95386 |
|
| 245 | 1 |
_aPlano de desenvolvimento regional sustentável da Região de integração Xingu _bResumo Executivo |
|
| 260 | 3 |
_aBelém, PA (Brasil): _c[nd]. |
|
| 300 | _a58 p. | ||
| 500 | _aPublished 2007?; Summary only; 8 illus.; 13 tables | ||
| 650 | _aXINGU | ||
| 650 | _aDESENVOLVIMENTO SUSTENTÁVEL | ||
| 650 | _aECONOMIA | ||
| 650 | _aDEMOGRAFIA | ||
| 650 | _aINTEGRAÇÃO | ||
| 650 | _aXINGU | ||
| 909 |
_a202309 _bLucia _c55 _dLucia Elande |
||
| 942 | _cBK | ||
| 999 |
_c82827 _d82827 |
||